000 00675nam a2200229 i 4500
001 bg
100 1 _aBĘZA, Stanisław
245 1 0 _aDeutsch - deine Chance.1 /
_cStanisław Bęza.
250 _a[Wyd.1, dodr.].
260 _aWarszawa :
_b"Poltext",
_c2004.
300 _a407 s. :
_bil., mapy ;
_c24 cm +
_ekaseta dźw.
650 9 _aJęzyk niemiecki
655 _aPodręczniki
020 _a838689024X
040 _cBPK
041 0 _agerpol
080 _a811.112.2(07)
920 _a83-86890-24-X
942 _cKS
008 s pl f |000 0 pol
999 _c44778
_d44778
856 _uhttp://koha.tu.koszalin.pl/cgi-bin/koha/opac-detail.pl?biblionumber=44778
_yKatalog online BPK